Random Knowledge Quiz #48 - Statistics

General Stats
  • This quiz has been taken 181 times
  • The average score is 9 of 15
Answer Stats
Question Answer % Correct
How many bones do sharks have? None
96%
What vegetable do pickles start as? Cucumber
94%
In which language does "konnichiwa" mean "hello"? Japanese
93%
Which letter represents 50 in the Roman numerals? L
91%
How many time zones are in Russia? 11
84%
What animal is Indiana Jones afraid of? Snake
82%
The "black box" records, for example, the flight path and performance of an airplane in flight, but what color is it actually? Orange
74%
What is the name of Elon Musk's space travel program? SpaceX
74%
What does a sommelier specialize in? Wine
73%
What is the national sport of Canada? Lacrosse
38%
Blanche
23%
Name the Golden Girls. Rose
22%
Dorothy
19%
Sophia
15%
Finish this quote: "It’s been 84 years, and I can still smell the fresh paint. The china had never been used. The sheets had never been slept in. Titanic was called the..." Ship of Dreams, and it was. It really was.
10%
No matching quizzes found
Score Distribution
Percent of People with Each Score
Percentile by Number Answered
Your Score History
You have not taken this quiz